| 000 | 00593nam a2200181Ia 4500 | ||
|---|---|---|---|
| 008 | 250806s9999||||xx |||||||||||||| ||und|| | ||
| 020 | _a9.78078E+12 | ||
| 060 |
_aWU 18.2 _b.W93 2005 |
||
| 100 | _aWyche, Charlotte | ||
| 245 | 0 |
_aStudent Workbook for Clinical Practice of the dental hygienist / _cCharlotte Wyche, Esther M. Wilkins. |
|
| 260 |
_aUSA : _bLippincott Williams & Wilkins, _cc2005. |
||
| 300 |
_axii, 389 p. : _bill. _c27 cm |
||
| 504 | _aIncludes Appendix. | ||
| 650 | _aDental Hygienists | ||
| 650 | _aDental Prophylaxis | ||
| 700 | _aWilkins, Esther M. | ||
| 942 |
_bDIMC _cBK |
||
| 999 |
_c28065 _d28065 |
||